St. Lucia : Technical Assistance Report-Report on Supply and Use Tables Mission.

A technical assistance (TA) mission was undertaken by the Real Sector Statistics Advisor in the Caribbean Regional Technical Assistance Centre (CARTAC) to St. Lucia during September 17-28, 2018, to provide advice to the Central Statistics Office (CSO) on compiling supply and use tables (SUT) for 201...

Πλήρης περιγραφή

Λεπτομέρειες βιβλιογραφικής εγγραφής
Συγγραφή απο Οργανισμό/Αρχή: International Monetary Fund. Statistics Dept
Μορφή: Επιστημονικό περιοδικό
Γλώσσα:English
Έκδοση: Washington, D.C. : International Monetary Fund, 2019.
Σειρά:IMF Staff Country Reports; Country Report ; No. 2019/014
Διαθέσιμο Online:Full text available on IMF
LEADER 01698cas a2200241 a 4500
001 AALejournalIMF019016
008 230101c9999 xx r poo 0 0eng d
020 |c 5.00 USD 
020 |z 9781484394205 
022 |a 1934-7685 
040 |a BD-DhAAL  |c BD-DhAAL 
110 2 |a International Monetary Fund.  |b Statistics Dept. 
245 1 0 |a St. Lucia :   |b Technical Assistance Report-Report on Supply and Use Tables Mission. 
264 1 |a Washington, D.C. :  |b International Monetary Fund,  |c 2019. 
300 |a 1 online resource (15 pages) 
490 1 |a IMF Staff Country Reports 
500 |a <strong>Off-Campus Access:</strong> No User ID or Password Required 
500 |a <strong>On-Campus Access:</strong> No User ID or Password Required 
506 |a Electronic access restricted to authorized BRAC University faculty, staff and students 
520 3 |a A technical assistance (TA) mission was undertaken by the Real Sector Statistics Advisor in the Caribbean Regional Technical Assistance Centre (CARTAC) to St. Lucia during September 17-28, 2018, to provide advice to the Central Statistics Office (CSO) on compiling supply and use tables (SUT) for 2016. The 2006 base year for the GDP estimates is outdated and does not reflect the current structure of the economy. In addition, there is scope to improve the input data and methodology used in producing the GDP estimates and to implement the relevant System of National Accounts 2008 (2008 SNA) recommendations. 
538 |a Mode of access: Internet 
830 0 |a IMF Staff Country Reports; Country Report ;  |v No. 2019/014 
856 4 0 |z Full text available on IMF  |u http://elibrary.imf.org/view/journals/002/2019/014/002.2019.issue-014-en.xml  |z IMF e-Library